Where's My Border Gone? (Asia) Quiz Stats

 Plays Quiz Updated Mar 20, 2016

Score 0/20 Timer 05:00
12 Plays Today
% Correct
China - Mongolia
93.7%
North Korea - South Korea
92.8%
Yemen - Oman
89.8%
Afghanistan - Pakistan
85.5%
Nepal - India
79.7%
Thailand - Laos
75.2%
Turkey -
Syria
73.8%
Russia - Kazakhstan
73.6%
Saudi Arabia - Iraq
68.7%
Indonesia - Malaysia
68.4%
% Correct
China - Vietnam
64.9%
Saudi Arabia - UAE
61.4%
Iran - Turkmenistan
61.1%
Turkey - Iran
60.3%
India - Myanmar
59.3%
China - Bhutan
57.6%
Israel - Jordan
56.7%
Russia - Georgia
46.5%
Kazakhstan - Kyrgyzstan
45.5%
Thailand - Malaysia
34.3%

You're not logged in!

Compare scores with friends on all Sporcle quizzes.
OR
Log In

You Might Also Like...

Show Comments

Extras

Top Quizzes Today


Score Distribution

Your Account Isn't Verified!

In order to create a playlist on Sporcle, you need to verify the email address you used during registration. Go to your Sporcle Settings to finish the process.

Report this User

Report this user for behavior that violates our Community Guidelines.

Details: